[Event "Memorial Gashimov - Rapid"]
[Site "Baku"]
[Date "19.12.2021"]
[Round "R3"]
[White "Navara, David"]
[Black "Anand, Viswanathan"]
[Result "1/2-1/2"]
[WhiteTitle "GM"]
[BlackTitle "GM"]
[WhiteElo "2697"]
[BlackElo "2751"]
[WhiteFideId "309095"]
[BlackFideId "5000017"]
[EventDate "2021.12.18"]

1. e4 c5 2. Nf3 e6 3. d4 cxd4 4. Nxd4 Nc6 5. Nc3 Qc7 6. g3 a6 7. Bg2 Nf6 8. O-O
Bc5 9. Nxc6 dxc6 10. Na4 Ba7 11. c4 e5 12. c5 Be6 13. b3 O-O 14. Bg5 Rfd8 15.
Qf3 Qe7 16. Rad1 Rxd1 17. Rxd1 Rd8 18. h3 h6 19. Bxf6 Qxf6 20. a3 Qe7 21. b4 Rd7
22. Bf1 Qd8 23. Nb2 Rd4 24. Rd3 b6 25. Rxd4 Qxd4 26. cxb6 Bxb6 27. Na4 Ba7 28.
Bxa6 Bxh3 29. g4 h5 30. gxh5 Be6 31. Be2 Qd2 32. Nc5 Bxc5 33. bxc5 Qc1+ 34. Kg2
Qxc5 35. Qg3 Qd4 36. h6 g6 37. Qh4 Kh7 38. Qf6 Kxh6 39. Qh8+ Kg5 40. Bf3 f5 41.
Qf8 fxe4 42. Qe7+ Kh6 43. Qf8+ Kg5 44. Qe7+ Kh6 45. Qf8+ Kg5 46. Qe7+ Kh6 47.
Qf8+ 1/2-1/2

[Event "Memorial Gashimov - Rapid"]
[Site "Baku"]
[Date "19.12.2021"]
[Round "R3"]
[White "Rapport, Richard"]
[Black "Caruana, Fabiano"]
[Result "1-0"]
[WhiteTitle "GM"]
[BlackTitle "GM"]
[WhiteElo "2763"]
[BlackElo "2792"]
[WhiteFideId "738590"]
[BlackFideId "2020009"]
[EventDate "2021.12.18"]

1. e4 e5 2. Nf3 Nf6 3. d3 Nc6 4. g3 d5 5. exd5 Nxd5 6. Bg2 Bd6 7. O-O O-O 8. a3
Re8 9. b4 Bg4 10. h3 Bh5 11. Bb2 f5 12. c4 Nf6 13. Nbd2 Bf8 14. Qc2 e4 15. dxe4
fxe4 16. Ng5 Nd4 17. Bxd4 Qxd4 18. Ndxe4 Bg6 19. Rad1 Qe5 20. f4 Qe7 21. f5 Nxe4
22. Nxe4 Bf7 23. f6 Qe5 24. Rd7 g6 25. Qd2 Bd6 26. Rxd6 1-0

[Event "Memorial Gashimov - Rapid"]
[Site "Baku"]
[Date "19.12.2021"]
[Round "R3"]
[White "Mamedyarov, Shakhriyar"]
[Black "Karjakin, Sergey"]
[Result "0-1"]
[WhiteTitle "GM"]
[BlackTitle "GM"]
[WhiteElo "2767"]
[BlackElo "2743"]
[WhiteFideId "13401319"]
[BlackFideId "14109603"]
[EventDate "2021.12.18"]

1. e4 e5 2. Nf3 Nc6 3. Bc4 Bc5 4. c3 Nf6 5. d4 exd4 6. cxd4 Bb4+ 7. Nbd2 Nxe4 8.
d5 Nxd2 9. Bxd2 Bxd2+ 10. Qxd2 Ne7 11. O-O-O d6 12. h4 Bg4 13. Qd4 Qd7 14. h5 h6
15. Rde1 Kf8 16. Nh4 Bxh5 17. g4 Qxg4 18. f4 Qd7 19. Kb1 Bg4 20. f5 Bxf5+ 21.
Ka1 Ng6 22. Bb5 Qxb5 23. Nxf5 Rh7 24. Rhg1 Ne5 25. Qh4 Qd7 26. Ref1 h5 27. Qf4
Ng4 28. Ng3 Re8 29. Rh1 Re5 30. a3 Ne3 31. Rf3 Nxd5 32. Qd4 b6 33. Rhf1 g6 34.
Qd3 Qe6 0-1

[Event "Memorial Gashimov - Rapid"]
[Site "Baku"]
[Date "19.12.2021"]
[Round "R3"]
[White "Mamedov, Rauf"]
[Black "Asadli, Vugar"]
[Result "1-0"]
[WhiteTitle "GM"]
[BlackTitle "GM"]
[WhiteElo "2656"]
[BlackElo "2579"]
[WhiteFideId "13401653"]
[BlackFideId "13405764"]
[EventDate "2021.12.18"]

1. e4 c6 2. d4 d5 3. Nd2 dxe4 4. Nxe4 Nf6 5. Bd3 Nxe4 6. Bxe4 Nd7 7. c3 Nf6 8.
Bd3 Bg4 9. Ne2 e6 10. Qb3 Bxe2 11. Bxe2 Qc7 12. g3 Bd6 13. Bg5 h6 14. Bxf6 gxf6
15. Bh5 O-O-O 16. O-O-O f5 17. Kb1 Rd7 18. Rd3 Kb8 19. f4 Rhd8 20. Rhd1 Bf8 21.
Qc2 c5 22. dxc5 Rxd3 23. Rxd3 Rxd3 24. Qxd3 a5 25. b4 axb4 26. cxb4 Ka7 27. Qb5
Bg7 28. Qa4+ Kb8 29. Qe8+ Ka7 30. Kc2 Bd4 31. Qa4+ Kb8 32. Qe8+ Ka7 33. Bxf7
Bxc5 34. Qa4+ Kb8 35. bxc5 Qxf7 36. Qd4 Qh5 37. Qd2 Ka7 38. a4 Qf3 39. Qa5+ Kb8
40. Qd8+ Ka7 41. Qa5+ Kb8 42. Qd8+ Ka7 43. Qb6+ Ka8 44. Qxe6 Qg2+ 45. Kc3 Qxh2
46. Qe8+ Ka7 47. Qe3 Ka8 48. Kd4 Qb2+ 49. Qc3 Qe2 50. Kd5 Qe8 51. c6 Kb8 1-0

[Event "Memorial Gashimov - Rapid"]
[Site "Baku"]
[Date "19.12.2021"]
[Round "R3.A"]
[White "Rapport, Richard"]
[Black "Caruana, Fabiano"]
[Result "0-1"]
[WhiteTitle "GM"]
[BlackTitle "GM"]
[WhiteElo "2763"]
[BlackElo "2792"]
[WhiteFideId "738590"]
[BlackFideId "2020009"]
[EventDate "2021.12.18"]

1. e4 e5 2. Nf3 Nf6 3. d3 Nc6 4. g3 Be7 5. Bg2 O-O 6. O-O Re8 7. Nc3 h6 8. h3
Bf8 9. Nh2 d6 10. f4 Nd4 11. Nf3 c5 12. Kh2 Rb8 13. a4 b6 14. Nb5 Bd7 15. Nbxd4
cxd4 16. g4 Rc8 17. g5 hxg5 18. Nxg5 Qc7 19. Rf2 d5 20. fxe5 Rxe5 21. Bf4 Bd6
22. Kh1 Re7 23. Bxd6 Qxd6 24. exd5 Qg3 25. Qd2 Re3 26. Rxf6 Qxg5 27. Rf3 Qe5 28.
Raf1 Re2 29. Qf4 Qxf4 30. Rxf4 Rcxc2 31. Bf3 Rh2+ 32. Kg1 Rxh3 33. Rf2 Rg3+ 34.
Kh2 Rxf2+ 35. Kxg3 Rxb2 36. d6 g5 37. Re4 f5 38. Re2 Rxe2 39. Bxe2 Kf7 0-1

[Event "Memorial Gashimov - Rapid"]
[Site "Baku"]
[Date "20.12.2021"]
[Round "R4"]
[White "Mamedyarov, Shakhriyar"]
[Black "Mamedov, Rauf"]
[Result "1/2-1/2"]
[WhiteTitle "GM"]
[BlackTitle "GM"]
[WhiteElo "2767"]
[BlackElo "2656"]
[WhiteFideId "13401319"]
[BlackFideId "13401653"]
[EventDate "2021.12.18"]

1. g3 g6 2. c4 c6 3. Nf3 Nf6 4. Bg2 Bg7 5. O-O O-O 6. d4 d5 7. cxd5 cxd5 8. Ne5
Bf5 9. Nc3 Ne4 10. Bf4 Nxc3 11. bxc3 Nc6 12. Nxc6 bxc6 13. Qa4 1/2-1/2

[Event "Memorial Gashimov - Rapid"]
[Site "Baku"]
[Date "20.12.2021"]
[Round "R4"]
[White "Navara, David"]
[Black "Caruana, Fabiano"]
[Result "0-1"]
[WhiteTitle "GM"]
[BlackTitle "GM"]
[WhiteElo "2697"]
[BlackElo "2792"]
[WhiteFideId "309095"]
[BlackFideId "2020009"]
[EventDate "2021.12.18"]

1. d4 Nf6 2. c4 g6 3. Nc3 Bg7 4. e4 d6 5. Nf3 O-O 6. Be2 e5 7. O-O h6 8. Re1
Nbd7 9. Bf1 Re8 10. Rb1 exd4 11. Nxd4 Nc5 12. f3 a5 13. Be3 c6 14. Qd2 Kh7 15.
Rbd1 Nfd7 16. Nb3 Qh4 17. Nxc5 Nxc5 18. Bf2 Qh5 19. g4 Qg5 20. Qxg5 hxg5 21.
Rxd6 Nd7 22. Na4 Ne5 23. Kg2 Bf8 24. Rd4 Be6 25. b3 Rab8 26. c5 Be7 27. Bg3 f6
28. Red1 Kg7 29. Bc4 Bxc4 30. bxc4 Red8 31. Rxd8 Rxd8 32. Rxd8 Bxd8 33. Bxe5
fxe5 34. Nb2 Kf6 35. Kf1 Ke6 36. Ke2 Kd7 37. Kd2 Kc7 38. Nd3 Bf6 39. Kc3 Kb8 40.
Kb3 Ka7 41. Ka3 Bg7 42. Ka4 Ka6 43. Nc1 Bf6 44. Kb3 Ka7 45. Ne2 Be7 46. f4 exf4
47. Nd4 Bxc5 48. Nf3 Be7 49. c5 Bxc5 50. Nxg5 Be7 51. Nf3 g5 52. e5 Kb6 53. h4
gxh4 54. g5 Kc5 55. g6 Bf8 56. Nxh4 Kd5 57. Nf3 b5 58. a4 b4 59. Nd2 Bh6 60. Nf3 0-1

[Event "Memorial Gashimov - Rapid"]
[Site "Baku"]
[Date "20.12.2021"]
[Round "R4"]
[White "Rapport, Richard"]
[Black "Asadli, Vugar"]
[Result "1/2-1/2"]
[WhiteTitle "GM"]
[BlackTitle "GM"]
[WhiteElo "2763"]
[BlackElo "2579"]
[WhiteFideId "738590"]
[BlackFideId "13405764"]
[EventDate "2021.12.18"]

1. e4 c6 2. Nf3 d5 3. exd5 cxd5 4. d4 Nc6 5. c3 Nf6 6. Ne5 e6 7. Bd3 Bd6 8. f4
O-O 9. Nd2 Ne7 10. O-O b6 11. Qe2 Bb7 12. g4 Rc8 13. a4 Bb8 14. Rf3 Ng6 15. g5
Ne4 16. Nxg6 fxg6 17. Nxe4 dxe4 18. Bxe4 Bd5 19. Bd2 Qd7 20. Re1 Qxa4 21. Bxd5
exd5 22. Qe6+ Kh8 23. Rh3 Qc2 24. Ree3 Qd1+ 25. Be1 Bxf4 26. Rxh7+ Kxh7 27. Rh3+
Qh5 28. Qg4 Qxh3 29. Qxh3+ Kg8 30. Qe6+ Kh7 31. Qh3+ Kg8 32. Qe6+ Kh7 33. Qh3+ 1/2-1/2

[Event "Memorial Gashimov - Rapid"]
[Site "Baku"]
[Date "20.12.2021"]
[Round "R4"]
[White "Karjakin, Sergey"]
[Black "Anand, Viswanathan"]
[Result "1/2-1/2"]
[WhiteTitle "GM"]
[BlackTitle "GM"]
[WhiteElo "2743"]
[BlackElo "2751"]
[WhiteFideId "14109603"]
[BlackFideId "5000017"]
[EventDate "2021.12.18"]

1. e4 e5 2. Nf3 Nc6 3. Bb5 Nf6 4. d3 Bc5 5. Bxc6 dxc6 6. O-O Qd6 7. h3 O-O 8.
Nc3 Nd7 9. Na4 Re8 10. Re1 Bb6 11. Bd2 Nf8 12. b3 Ne6 13. Nxb6 axb6 14. Bc3 Nf4
15. Bd2 Ne6 16. Bc3 Nf4 17. Bd2 1/2-1/2

[Event "Memorial Gashimov - Rapid"]
[Site "Baku"]
[Date "20.12.2021"]
[Round "R4"]
[White "Mamedov, Rauf"]
[Black "Mamedyarov, Shakhriyar"]
[Result "1/2-1/2"]
[WhiteTitle "GM"]
[BlackTitle "GM"]
[WhiteElo "2656"]
[BlackElo "2767"]
[WhiteFideId "13401653"]
[BlackFideId "13401319"]
[EventDate "2021.12.18"]

1. e4 d5 2. exd5 Qxd5 3. Qf3 Nf6 4. Nc3 Qxf3 5. Nxf3 c6 6. g3 Na6 7. a3 Nc7 8.
Bg2 Ncd5 9. O-O Bf5 10. d3 h6 11. Bd2 e6 12. Rfe1 Be7 13. Nd4 Bh7 14. Nf3 O-O
15. Ne4 Nxe4 16. dxe4 Nb6 1/2-1/2

[Event "Memorial Gashimov - Rapid"]
[Site "Baku"]
[Date "20.12.2021"]
[Round "R4"]
[White "Caruana, Fabiano"]
[Black "Navara, David"]
[Result "0-1"]
[WhiteTitle "GM"]
[BlackTitle "GM"]
[WhiteElo "2792"]
[BlackElo "2697"]
[WhiteFideId "2020009"]
[BlackFideId "309095"]
[EventDate "2021.12.18"]

1. d4 Nf6 2. c4 e6 3. Nc3 Bb4 4. e3 O-O 5. Bd3 d5 6. Nf3 b6 7. O-O Bb7 8. cxd5
exd5 9. a3 Bd6 10. b4 Nbd7 11. Bb2 a6 12. Qb3 Re8 13. a4 c6 14. Ne2 b5 15. a5
Qe7 16. Bc3 Ne4 17. Rab1 Ndf6 18. Ng3 Nxg3 19. hxg3 Bxg3 20. Qd1 Bd6 21. Ne5 Ne4
22. Bxe4 dxe4 23. f4 exf3 24. Rxf3 Bxe5 25. dxe5 c5 26. Rg3 Be4 27. Qg4 Bg6 28.
Rf1 cxb4 29. Bxb4 Qxe5 30. Qf4 Rac8 31. Rd1 Qxf4 32. exf4 Rc4 33. Re3 f6 34.
Rxe8+ Bxe8 35. Be1 Kf7 36. Rd6 Bc6 37. g3 Kg6 38. Kf2 Kf5 39. Ke3 Kg4 40. Rd4
Rxd4 41. Kxd4 Kf3 42. Kc5 Bd7 43. Kb6 Bc8 44. Kc7 Bf5 45. Kb6 h5 46. Kxa6 b4 0-1

[Event "Memorial Gashimov - Rapid"]
[Site "Baku"]
[Date "20.12.2021"]
[Round "R4"]
[White "Asadli, Vugar"]
[Black "Rapport, Richard"]
[Result "0-1"]
[WhiteTitle "GM"]
[BlackTitle "GM"]
[WhiteElo "2579"]
[BlackElo "2763"]
[WhiteFideId "13405764"]
[BlackFideId "738590"]
[EventDate "2021.12.18"]

1. e4 e6 2. d4 d5 3. Nc3 Bb4 4. Bd3 dxe4 5. Bxe4 Nf6 6. Bf3 O-O 7. Ne2 e5 8.
dxe5 Qxd1+ 9. Kxd1 Ng4 10. Bxg4 Bxg4 11. f3 Bf5 12. a3 Bxc3 13. Nxc3 Nc6 14. Re1
Rad8+ 15. Bd2 Rfe8 16. Kc1 Nd4 17. Ne4 Rxe5 18. Bc3 Bxe4 19. fxe4 f5 20. b4 Rxe4
21. Rxe4 fxe4 22. Kb2 Nb5 23. Be5 Re8 24. Bg3 Kf7 25. c4 Nd6 26. c5 Nf5 27. Bxc7
e3 28. Kc3 e2 29. Kd2 Ne3 30. Bg3 Nxg2 31. Be1 Ne3 32. Bg3 Ng2 33. Be1 Rd8+ 34.
Kxe2 Re8+ 35. Kd2 Nxe1 36. Rxe1 Rxe1 37. Kxe1 Ke6 38. Ke2 Kd5 39. Kd3 a6 40. h3
g5 41. Ke3 h5 42. Kf3 0-1

[Event "Memorial Gashimov - Rapid"]
[Site "Baku"]
[Date "20.12.2021"]
[Round "R4"]
[White "Anand, Viswanathan"]
[Black "Karjakin, Sergey"]
[Result "0-1"]
[WhiteTitle "GM"]
[BlackTitle "GM"]
[WhiteElo "2751"]
[BlackElo "2743"]
[WhiteFideId "5000017"]
[BlackFideId "14109603"]
[EventDate "2021.12.18"]

1. e4 e5 2. Nf3 Nc6 3. Bc4 Bc5 4. c3 Nf6 5. d3 O-O 6. O-O d6 7. a4 a5 8. Nbd2 h6
9. Re1 Ba7 10. Nf1 Ne7 11. Ng3 Ng6 12. h3 c6 13. Bb3 d5 14. exd5 Nxd5 15. d4
exd4 16. Nxd4 Be6 17. Bc2 Bd7 18. Ndf5 Bxf5 19. Nxf5 Qf6 20. Qf3 Rae8 21. Bd2
Ne5 22. Qe4 g6 23. Nxh6+ Kg7 24. Rf1 Rh8 25. Ng4 Nxg4 26. Qxg4 Rh4 27. Qg3 Nf4
28. Rae1 Reh8 29. Be3 Bb8 30. Bxf4 Rxf4 31. Qe3 Bd6 32. Rd1 Rh5 33. g3 Rc4 34.
Qd3 Qe6 35. Qf3 0-1

[Event "Memorial Gashimov - Rapid"]
[Site "Baku"]
[Date "20.12.2021"]
[Round "R4.A"]
[White "Mamedyarov, Shakhriyar"]
[Black "Mamedov, Rauf"]
[Result "1-0"]
[WhiteTitle "GM"]
[BlackTitle "GM"]
[WhiteElo "2767"]
[BlackElo "2656"]
[WhiteFideId "13401319"]
[BlackFideId "13401653"]
[EventDate "2021.12.18"]

1. d4 d5 2. Bf4 Bf5 3. Nf3 Nf6 4. e3 e6 5. Ne5 Nbd7 6. g4 Nxe5 7. gxf5 Nc6 8.
fxe6 fxe6 9. Nd2 Bd6 10. Bg5 Qd7 11. c4 O-O 12. Rg1 Kh8 13. c5 Be7 14. f4 b6 15.
Bxf6 Bxf6 16. Bd3 e5 17. Qh5 e4 18. Nxe4 dxe4 19. Bxe4 g6 20. Bxg6 bxc5 21.
O-O-O Qe7 22. Kb1 Rab8 23. Rc1 Rb5 24. Bd3 Rb6 25. Rxc5 Nb4 26. Bxh7 1-0

[Event "Memorial Gashimov - Rapid"]
[Site "Baku"]
[Date "20.12.2021"]
[Round "R4.A"]
[White "Caruana, Fabiano"]
[Black "Navara, David"]
[Result "1-0"]
[WhiteTitle "GM"]
[BlackTitle "GM"]
[WhiteElo "2792"]
[BlackElo "2697"]
[WhiteFideId "2020009"]
[BlackFideId "309095"]
[EventDate "2021.12.18"]

1. c4 Nf6 2. Nc3 e5 3. g3 Bb4 4. e4 Bxc3 5. dxc3 d6 6. f3 a5 7. a4 Be6 8. Nh3 h6
9. Nf2 Na6 10. Be3 Nc5 11. Qc2 O-O 12. g4 Nfd7 13. h4 c6 14. Be2 b5 15. axb5
cxb5 16. cxb5 d5 17. exd5 Bxd5 18. c4 Bb7 19. Rd1 Qe7 20. g5 e4 21. f4 Nd3+ 22.
Kf1 N7c5 23. gxh6 gxh6 24. Rg1+ Kh8 25. Qc3+ f6 26. Rg6 Rg8 27. Qxf6+ Qxf6 28.
Rxf6 Nxf2 29. Kxf2 Nd3+ 30. Bxd3 exd3 31. Rxh6+ Kg7 32. Rb6 Be4 33. Re6 Bf5 34.
Re5 Kf6 35. Bd4 Rad8 36. Rd5+ Kg6 37. Rg1+ Kh6 38. Rxg8 Rxg8 39. Rxf5 Rg2+ 40.
Kxg2 d2 41. Rd5 1-0

[Event "Memorial Gashimov - Rapid"]
[Site "Baku"]
[Date "20.12.2021"]
[Round "R5"]
[White "Anand, Viswanathan"]
[Black "Mamedyarov, Shakhriyar"]
[Result "1/2-1/2"]
[WhiteTitle "GM"]
[BlackTitle "GM"]
[WhiteElo "2751"]
[BlackElo "2767"]
[WhiteFideId "5000017"]
[BlackFideId "13401319"]
[EventDate "2021.12.18"]

1. e4 e5 2. Nf3 Nc6 3. Bb5 a6 4. Ba4 Nf6 5. d3 b5 6. Bb3 Bc5 7. Nc3 d6 8. Nd5 h6
9. c3 Rb8 10. O-O O-O 11. Re1 Nxd5 12. exd5 Ne7 13. d4 exd4 14. Nxd4 Re8 15. Be3
Bd7 16. Qf3 Bxd4 17. Bxd4 Nf5 18. Be3 Nxe3 19. Rxe3 Qg5 20. Rae1 Rxe3 21. Rxe3
Re8 22. Rxe8+ Bxe8 23. Qd1 Bd7 24. Kf1 Qf4 25. Kg1 Bf5 26. h3 g5 27. a4 Kg7 28.
axb5 axb5 29. Bc2 Bxc2 30. Qxc2 Qc4 31. Qd1 Qe4 32. Qd4+ Qe5 33. Kf1 f5 34. Qd3
Qe4 35. Qxb5 Qb1+ 36. Ke2 Qc2+ 37. Ke1 Qc1+ 38. Ke2 Qc2+ 39. Ke1 Qc1+ 40. Ke2 1/2-1/2

[Event "Memorial Gashimov - Rapid"]
[Site "Baku"]
[Date "20.12.2021"]
[Round "R5"]
[White "Caruana, Fabiano"]
[Black "Karjakin, Sergey"]
[Result "1/2-1/2"]
[WhiteTitle "GM"]
[BlackTitle "GM"]
[WhiteElo "2792"]
[BlackElo "2743"]
[WhiteFideId "2020009"]
[BlackFideId "14109603"]
[EventDate "2021.12.18"]

1. c4 Nf6 2. Nc3 e5 3. Nf3 Nc6 4. e4 Bb4 5. d3 d6 6. a3 Bc5 7. b4 Bd4 8. Nxd4
Nxd4 9. Be3 c5 10. Be2 O-O 11. O-O Be6 12. Rb1 b6 13. f4 exf4 14. Bxd4 cxd4 15.
Nb5 Nd7 16. Rxf4 Qg5 17. Qf1 a5 18. Nxd4 axb4 19. axb4 Ra2 20. Qf2 Rfa8 21. Rf1
h6 22. Nxe6 fxe6 23. h4 Qd8 24. Qg3 Rxe2 25. Rf7 g5 26. Qxd6 Raa2 27. R7f2 Rxf2
28. Qxe6+ Kg7 29. Rxf2 Rxf2 30. Kxf2 gxh4 31. d4 Nf6 32. Ke3 Qa8 33. Kf4 Qf8 34.
Ke5 Qb8+ 35. Kf5 Qf8 36. Ke5 Qb8+ 37. Kf5 Qf8 38. Ke5 1/2-1/2

[Event "Memorial Gashimov - Rapid"]
[Site "Baku"]
[Date "20.12.2021"]
[Round "R5"]
[White "Mamedov, Rauf"]
[Black "Rapport, Richard"]
[Result "0-1"]
[WhiteTitle "GM"]
[BlackTitle "GM"]
[WhiteElo "2656"]
[BlackElo "2763"]
[WhiteFideId "13401653"]
[BlackFideId "738590"]
[EventDate "2021.12.18"]

1. e4 e6 2. d4 d5 3. e5 c5 4. c3 Nc6 5. Nf3 Bd7 6. Bd3 cxd4 7. O-O dxc3 8. Nxc3
Nge7 9. Bg5 Qb8 10. Re1 Ng6 11. Rc1 h6 12. Be3 Ngxe5 13. Nxe5 Nxe5 14. Bb5 Bd6
15. Bd4 Nc6 16. Nxd5 Kf8 17. Nc3 Nxd4 18. Qxd4 Bxb5 19. Nxb5 Bxh2+ 20. Kh1 a6
21. Qc5+ Kg8 22. Nc7 Bxc7 23. Qxc7 h5 24. Red1 Rh6 25. Rd7 Rf6 26. f3 Qxc7 27.
Rcxc7 b5 28. Kh2 g6 29. Rd6 Rf5 30. Rdd7 b4 31. b3 Rb8 32. Rc6 a5 33. Ra6 Rc8
34. Rda7 Rc2 35. Rxa5 Rxf3 36. Rg5 Kg7 37. Ra4 Rf4 38. a3 h4 39. Rxb4 Rxb4 40.
axb4 f5 41. Kh3 Rc3+ 42. Kxh4 Rxb3 43. Rg3 Rxb4+ 44. Kh3 Kf6 45. Ra3 e5 0-1

[Event "Memorial Gashimov - Rapid"]
[Site "Baku"]
[Date "20.12.2021"]
[Round "R5"]
[White "Asadli, Vugar"]
[Black "Navara, David"]
[Result "0-1"]
[WhiteTitle "GM"]
[BlackTitle "GM"]
[WhiteElo "2579"]
[BlackElo "2697"]
[WhiteFideId "13405764"]
[BlackFideId "309095"]
[EventDate "2021.12.18"]

1. e4 c5 2. Nf3 d6 3. d4 cxd4 4. Nxd4 Nf6 5. Nc3 a6 6. Rg1 e5 7. Nb3 h5 8. Bg5
Be6 9. Qd2 Nbd7 10. Bd3 b5 11. O-O-O Be7 12. f4 Qc7 13. Kb1 Nb6 14. a3 Na4 15.
Nd5 Bxd5 16. exd5 e4 17. Be2 Rc8 18. Rge1 Nxd5 19. Bxe7 Nxe7 20. c3 d5 21. f5
Rh6 22. Rf1 Qxh2 23. Nd4 Qg3 24. Rde1 h4 25. Bd1 Nb6 26. Bc2 Nc4 27. Qe2 Nxb2
28. Bxe4 Na4 29. Rf3 Nxc3+ 30. Rxc3 Qxc3 31. Bc2 Qxa3 32. Qe5 Kf8 33. Rf1 Qb4+
34. Bb3 Qd6 35. Qe3 Ng8 36. f6 Rxf6 37. Nf5 Qb4 38. Rf4 Qc3 0-1

[Event "Memorial Gashimov - Rapid"]
[Site "Baku"]
[Date "20.12.2021"]
[Round "R5"]
[White "Mamedyarov, Shakhriyar"]
[Black "Anand, Viswanathan"]
[Result "1/2-1/2"]
[WhiteTitle "GM"]
[BlackTitle "GM"]
[WhiteElo "2767"]
[BlackElo "2751"]
[WhiteFideId "13401319"]
[BlackFideId "5000017"]
[EventDate "2021.12.18"]

1. d4 Nf6 2. Bg5 d5 3. Nd2 e6 4. e4 Be7 5. e5 Nfd7 6. Bxe7 Qxe7 7. c3 c5 8. Bd3
Nc6 9. Ne2 cxd4 10. cxd4 f6 11. exf6 Qxf6 12. Nf3 O-O 13. O-O e5 14. Nc3 Nb6 15.
Qb3 exd4 16. Nxd5 Nxd5 17. Qxd5+ Kh8 18. a3 Bf5 19. Qxf5 Qxf5 20. Bxf5 Rxf5 21.
Rad1 Rd8 22. Rfe1 Kg8 23. Kf1 1/2-1/2

[Event "Memorial Gashimov - Rapid"]
[Site "Baku"]
[Date "20.12.2021"]
[Round "R5"]
[White "Karjakin, Sergey"]
[Black "Caruana, Fabiano"]
[Result "1/2-1/2"]
[WhiteTitle "GM"]
[BlackTitle "GM"]
[WhiteElo "2743"]
[BlackElo "2792"]
[WhiteFideId "14109603"]
[BlackFideId "2020009"]
[EventDate "2021.12.18"]

1. e4 e5 2. Nf3 Nc6 3. Bb5 a6 4. Ba4 d6 5. c3 Bd7 6. O-O g6 7. d4 Bg7 8. Re1 Nf6
9. Nbd2 O-O 10. h3 Re8 11. Bc2 b5 12. Nf1 Na5 13. Ng3 c5 14. d5 Nc4 15. a4 Nb6
16. b3 c4 17. axb5 cxb3 18. Bd3 axb5 19. Rxa8 Qxa8 20. Qxb3 Qa4 21. Qxa4 Nxa4
22. Ba3 Nc5 23. Bxc5 dxc5 24. c4 b4 25. Ra1 Bf8 26. Ne2 Bc8 27. Nc1 Bd6 28. Nb3
Re7 29. Ra8 Rc7 30. Na5 Kg7 31. Nd2 Nd7 32. Ndb3 Nb6 33. Rb8 Na4 34. Ra8 Nc3 35.
f3 f5 36. Nc6 fxe4 37. Bxe4 Nxe4 38. fxe4 Bb7 39. Ra7 Bxc6 40. Rxc7+ Bxc7 41.
dxc6 Kf6 42. Nxc5 Ke7 43. Kf1 Kd6 44. Nb3 Kxc6 45. Ke2 Bd8 46. Kd3 Bg5 47. Kc2
h5 48. Kd3 Kb6 49. Ke2 Kc6 50. Kf3 Kb6 1/2-1/2

[Event "Memorial Gashimov - Rapid"]
[Site "Baku"]
[Date "20.12.2021"]
[Round "R5"]
[White "Rapport, Richard"]
[Black "Mamedov, Rauf"]
[Result "1-0"]
[WhiteTitle "GM"]
[BlackTitle "GM"]
[WhiteElo "2763"]
[BlackElo "2656"]
[WhiteFideId "738590"]
[BlackFideId "13401653"]
[EventDate "2021.12.18"]

1. e4 c5 2. Nf3 Nc6 3. d4 cxd4 4. Nxd4 Nf6 5. Nc3 d6 6. Bg5 e6 7. Qd2 a6 8.
O-O-O Bd7 9. Kb1 h6 10. Be3 b5 11. Nxc6 Bxc6 12. f3 Be7 13. Ne2 Bb7 14. Nd4 Rc8
15. g4 Nd7 16. h4 d5 17. Bh3 Ne5 18. g5 hxg5 19. hxg5 Nc4 20. Qe2 Nxe3 21. Bxe6
Rxh1 22. Rxh1 Nxc2 23. Bxc8 Nxd4 24. Bxb7 Qc7 25. Qd3 Qc4 26. Qxc4 dxc4 27. Bxa6
Bxg5 28. Rd1 Nxf3 29. Bxb5+ Ke7 30. Kc2 Ne5 31. Kc3 Be3 32. Bxc4 g5 33. Bf1 g4
34. b4 g3 35. a4 Ng4 36. a5 Bf2 37. Bh3 Ne3 38. Rd7+ Ke8 39. a6 g2 40. a7 Nd5+
41. Rxd5 1-0

[Event "Memorial Gashimov - Rapid"]
[Site "Baku"]
[Date "20.12.2021"]
[Round "R5.A"]
[White "Caruana, Fabiano"]
[Black "Karjakin, Sergey"]
[Result "1/2-1/2"]
[WhiteTitle "GM"]
[BlackTitle "GM"]
[WhiteElo "2792"]
[BlackElo "2743"]
[WhiteFideId "2020009"]
[BlackFideId "14109603"]
[EventDate "2021.12.18"]

1. c4 Nf6 2. Nc3 e5 3. Nf3 Nc6 4. d3 d5 5. cxd5 Nxd5 6. g3 Be7 7. Nxd5 Qxd5 8.
Bg2 Be6 9. O-O Qd7 10. Be3 O-O 11. a3 Bd5 12. Rc1 a6 13. Qc2 Rfe8 14. Rfd1 Bd6
15. b4 f6 16. Qb2 Qf7 17. Bc5 Red8 18. e4 Bb3 19. Rd2 Bxc5 20. bxc5 Rab8 21. d4
exd4 22. Nxd4 Nxd4 23. Rxd4 Rxd4 24. Qxd4 a5 25. h4 a4 26. Re1 Qe7 27. e5 Rd8
28. Qc3 c6 29. e6 f5 30. Qe5 g6 31. h5 Qg7 32. e7 Re8 33. Qc7 Qc3 34. Re3 Qxc5
35. Qxb7 Kf7 36. Bxc6 Rxe7 37. Rxe7+ Qxe7 38. Qxe7+ Kxe7 39. h6 g5 40. f4 gxf4
41. gxf4 Kf7 42. Kf2 Kg6 43. Bd7 Kxh6 44. Bxf5 Kg7 45. Kg3 h6 46. Be4 Kf6 47.
Bf3 Kf5 48. Bg4+ Kf6 49. Kh4 Kg6 50. Bd7 Bd1 51. Kg3 Kf6 52. Kf2 Bb3 53. Kf3
Bd1+ 54. Ke4 Bb3 55. Bg4 Bc2+ 56. Kd4 Bb3 57. Bh3 Bc2 58. Kc3 Bb3 59. Kb4 h5 60.
Kc3 Be6 61. Bf1 Kf5 62. Bh3+ Kf6 63. Bf1 1/2-1/2

[Event "Memorial Gashimov - Rapid"]
[Site "Baku"]
[Date "21.12.2021"]
[Round "R6"]
[White "Navara, David"]
[Black "Mamedov, Rauf"]
[Result "1/2-1/2"]
[WhiteTitle "GM"]
[BlackTitle "GM"]
[WhiteElo "2697"]
[BlackElo "2656"]
[WhiteFideId "309095"]
[BlackFideId "13401653"]
[EventDate "2021.12.18"]

1. e4 c5 2. Nf3 Nc6 3. Nc3 g6 4. d4 cxd4 5. Nxd4 Bg7 6. Be3 Nf6 7. Bc4 O-O 8.
Bb3 d6 9. f3 Bd7 10. h4 Nxd4 11. Bxd4 b5 12. h5 a5 13. hxg6 hxg6 14. Nd5 Nxd5
15. Bxd5 Rc8 16. Bxg7 Kxg7 17. Qd4+ f6 18. O-O-O Qc7 19. Qd2 Rh8 20. a3 Qb6 21.
Bb3 a4 22. Ba2 Rxh1 23. Rxh1 Rh8 24. Re1 Qc5 25. e5 fxe5 26. Qg5 Re8 27. c3 Bf5
28. Rh1 Qf2 29. Bb1 Bxb1 30. Kxb1 Qe2 31. Qh6+ Kf7 32. Qh7+ Kf6 33. Qh4+ Kf7 34.
Qh7+ Kf6 35. Qh4+ Kf7 36. Qh7+ 1/2-1/2